Estudio comparativo de la producción de etanol vía fermentativa utilizando cuatro sustratos preparados a partir de banano maduro

Uloženo v:
Podrobná bibliografie
Hlavní autor: Lopez Calvo, Alfredo
Médium: Kniha
Vydáno: San José, C.R. 1998
Témata:
Tagy: Přidat tag
Žádné tagy, Buďte první, kdo vytvoří štítek k tomuto záznamu!

MARC

LEADER 00000nam a2200000Ia 4500
003 008993
005 20221231144220.0
008 140114s1999 cr a m 000 ||s d
040 |c cru CEDI 
090 |a TFG 3941 
100 |a Lopez Calvo, Alfredo  |9 8874 
245 |a Estudio comparativo de la producción de etanol vía fermentativa utilizando cuatro sustratos preparados a partir de banano maduro 
260 |c 1998  |a  San José, C.R. 
300 |a  xiv, 139 hojas : ilustraciones  
500 |a  Proyecto de graduación (licenciatura en ingeniería química)--Universidad de Costa Rica. Facultad de Ingeniería. Escuela de Ingeniería Química 
650 |x ALCOHOL COMO COMBUSTIBLE  |9 8875 
942 |c TFG 
999 |c 18569  |d 18569